书目信息 |
| 题名: |
中国对外援助与国际责任的战略研究
|
|
| 作者: | 刘鸿武 , 黄梅波 著 | |
| 分册: | ||
| 出版信息: | 北京 中国社会科学出版社 2013 |
|
| 页数: | 492页 | |
| 开本: | 24cm | |
| 丛书名: | 中国国际社会责任研究丛书 | |
| 单 册: | ||
| 中图分类: | D822.2 | |
| 科图分类: | ||
| 主题词: | 对外援助--研究--中国 , 社会责任--国际关系社会学--研究--中国 , 对外援助 , 社会责任 , 国际关系社会学 | |
| 电子资源: | ||
| ISBN: | 978-7-5161-3709-3 | |
| 000 | 01582nam0 2200325 450 | |
| 001 | 523 | |
| 005 | 20140905101426.17 | |
| 010 | @a978-7-5161-3709-3@dCNY82.00 | |
| 100 | @a20140123d2013 em y0chiy50 ea | |
| 101 | 0 | @achi |
| 102 | @aCN@b110000 | |
| 105 | @aab z 000yy | |
| 106 | @ar | |
| 200 | 1 | @a中国对外援助与国际责任的战略研究@AZhong Guo Dui Wai Yuan Zhu Yu Guo Ji Ze Ren De Zhan Lue Yan Jiu@f刘鸿武,黄梅波等著@FLiu Hong Wu, Huang Mei Bo Deng Zhu |
| 210 | @a北京@c中国社会科学出版社@d2013 | |
| 215 | @a492页@c图,地图@d24cm | |
| 225 | 2 | @a中国国际社会责任研究丛书 |
| 300 | @a“教育部区域与国别研究重点基地浙江师范大学非洲研究中心”、“浙江省哲学社会科学重点研究基地非洲研究中心”、“浙江省2011协同创新中心非洲研究与中非合作协同中心”、“浙江省高等学校创新团队非洲研究团队”成果,并获中国扶贫基金会资助 | |
| 330 | @a本书主要论述中国的对外援助和国际责任,从中国对外援助的历史、背景、动机、发展过程等各个方面沿着纵坐标,逐层展开;同时,把中国援助放到国际平台上,通过不同的对外援助模式和国际责任理论比较,沿着横向坐标充分论证。全书采用大量的历史资料、数据、案例,就中国对外援助的历史发展进程、体制、机制、政策变化、实现路径,进行了认真的梳理和论述。 | |
| 461 | 0 | @12001 @a中国国际社会责任研究丛书 |
| 606 | 0 | @a对外援助@x研究@y中国 |
| 606 | 0 | @a社会责任@x国际关系社会学@x研究@y中国 |
| 606 | 0 | @a对外援助 |
| 606 | 0 | @a社会责任 |
| 606 | 0 | @a国际关系社会学 |
| 690 | @aD822.2@v5 | |
| 701 | 0 | @a刘鸿武@ALiu Hong Wu@f(1958~)@4著 |
| 701 | 0 | @a黄梅波@AHuang Mei Bo@c(女,@f1966~)@4著 |
| 801 | 0 | @aCN@bTANGWEI@c20140603 |
| 905 | @b0839602-04@dD822.2@e137@f3 | |
| 中国对外援助与国际责任的战略研究/刘鸿武,黄梅波等著.-北京:中国社会科学出版社,2013 |
| 492页:图,地图;24cm.-(中国国际社会责任研究丛书) |
| “教育部区域与国别研究重点基地浙江师范大学非洲研究中心”、“浙江省哲学社会科学重点研究基地非洲研究中心”、“浙江省2011协同创新中心非洲研究与中非合作协同中心”、“浙江省高等学校创新团队非洲研究团队”成果,并获中国扶贫基金会资助 |
| ISBN 978-7-5161-3709-3:CNY82.00 |
| 本书主要论述中国的对外援助和国际责任,从中国对外援助的历史、背景、动机、发展过程等各个方面沿着纵坐标,逐层展开;同时,把中国援助放到国际平台上,通过不同的对外援助模式和国际责任理论比较,沿着横向坐标充分论证。全书采用大量的历史资料、数据、案例,就中国对外援助的历史发展进程、体制、机制、政策变化、实现路径,进行了认真的梳理和论述。 |
| ● |
| 相关链接 |
|
|
|
|
正题名:中国对外援助与国际责任的战略研究
索取号:D822.2/137
 
预约/预借
| 序号 | 登录号 | 条形码 | 馆藏地/架位号 | 状态 | 备注 |
| 1 | 0839602 | 208396029 | 第一样本阅览室/ [索取号:D822.2/137] | 在馆 | |
| 2 | 0839603 | 208396038 | 密集书库-史法系/ [索取号:D822.2/137] | 在馆 | |
| 3 | 0839604 | 208396047 | 第一借阅区/ [索取号:D822.2/137] | 在馆 |